000 00412nam a22001337a 4500
020 _a978-93-80658-76-6
082 _a823
_bCAN/C
100 _aJACK CANFIELD, MARK VICTOR HANSEN, RAKSHA BHARADIA
245 _aCHICKEN SOUP FOR THE INDIAN SOUL
_bTEENS TALK RELATIONSHIPS
260 _aINDIA
_bWESTLAND LTD
_c2011
300 _a344
650 _aINSPIRING STORIES ABOUT FAMILY FRIENDS AND LOVE
_zUNITED STATES
942 _cBK
999 _c29
_d29